000 00762nam a2200253Ia 4500
003 OSt
005 20220924124322.0
006 a|||||r|||| 00| 0
007 ta
008 220923b |||||||| |||| 00| 0 san d
024 _a26247
037 _cTextual
040 _aARTS
_cARTS
_bsan
041 _2san
_asan
082 _aQ124:4x1,1, 15M2
100 _aMaitrayaniya
_958191
245 0 _aManava grhya sutra of the maitrayaniya sakha with the commentary of Astavakra ed by Ramakrishna Harishaji Sastri
260 _aNew Delhi
_b Panini
_c1982
300 _a9,258,6p.
_ccm.
490 _apanini Vaidika granthamala; 6
650 _aRELIGION
942 _hQ124:4x1,1, 15M2
_cTEXL
_2CC
999 _c419233
_d419233